000 00825nam a22002057a 4500
999 _c15669
_d15669
003 AR-CdUCM
008 190429b ||||| |||| 00| 0 spa d
040 _aMUNICIPALIDAD PROVINCIAL DEL CUSCO
_cBIBLIOTECA MUNICIPAL DEL CUSCO
082 _a635.651 /
_bH72
100 _aHorqque Ferro, Roberto.
_934812
245 _aCultivo del haba /
260 _aLima :
_bInia.,
_c1990.
300 _a68 páginas ;
_c20 cm.
440 _aSerie didáctica.
_934813
505 _aContenido :Botánica y características morfológicas -- La habas como alimento -- Factores antinutricionales de las habas -- Enfermedades en el cultivo de habas -- Problemática en el cultivo de las habas a investigar ...
650 _aCultivo de Haba.
_934814
650 _aCiencias naturales.
_910176
942 _2ddc
_cLIBROS
945 _arum1
_d2019-04-29